| 000 | 00534nam a2200157 4500 | ||
|---|---|---|---|
| 008 | 161111b xxu||||| |||| 00| 0 eng d | ||
| 020 | _a978-81-7245-298-8 | ||
| 082 |
_2[2016?] _aDC 616.0252 _bB46 |
||
| 100 |
_917068 _aBhardwaj, Ashwani |
||
| 245 |
_aA complete guide to family safety and first-aid/ _cAshwani Bhardwaj. |
||
| 260 |
_aNew Delhi: _bGoodwill Publishing House, _c[2016?] |
||
| 300 |
_avi, 344 pages: _billustrations; _c21 cm. |
||
| 650 | 0 |
_917069 _aFirst aid in illness and injury. |
|
| 365 |
_b525.00 _cPhp |
||
| 942 |
_2ddc _cDC |
||
| 999 |
_c5543 _d5543 |
||